The revolutionary process in Mexico: essays on political and social change, 1880-1940

保存先:
書誌詳細
第一著者: Rodríguez, Jaime (著者)
フォーマット: 図書
言語:スペイン語
出版事項: Los Angeles UCLA 1990
主題:
タグ: タグ追加
タグなし, このレコードへの初めてのタグを付けませんか!

MARC

LEADER 00000nam a2200000 a 4500
001 UCX2828
003 CL-VaPUC
008 910821e19900000US |||||||||||||||||spa|d
082 0 4 |a 972.8  |b ROD  |2 21 
100 0 |a Rodríguez, Jaime  |e author  |9 318923 
245 1 4 |a The revolutionary process in Mexico: essays on political and social change, 1880-1940 
300 |a 331 p 
942 |c BK 
945 |d 19910821 00:00:00 
260 |a Los Angeles  |b UCLA  |c 1990 
650 7 |a HISTORIA REVOLUCION 1910-1920  |2 CL-VaPUC  |9 318924 
650 0 |a Aspectos sociales  |9 254894 
651 0 |a México  |9 255269 
583 |a last modification  |c 20120708 10:37:17  |k Rodrigo Vera 
999 |c 223764  |d 223762 
952 |0 0  |1 0  |4 0  |6 972_800000000000000_ROD_1990  |7 0  |8 A  |9 219861  |a BIBEDU  |b BIBEDU  |d 2019-11-15  |i 2885441  |o 972.8 ROD 1990  |p 2885441  |r 2019-11-15  |w 2019-11-15  |y BK  |k LIT